MARC details
| 000 -CABECERA |
| campo de control de longitud fija |
02159nam a2200325 a 4500 |
| 003 - IDENTIFICADOR DEL NÚMERO DE CONTROL |
| campo de control |
CHAP |
| 005 - FECHA Y HORA DE LA ÚLTIMA TRANSACCIÓN |
| campo de control |
20240626102144.0 |
| 007 - CAMPO FIJO DE DESCRIPCIÓN FÍSICA--INFORMACIÓN GENERAL |
| campo de control de longitud fija |
ta |
| 008 - DATOS DE LONGITUD FIJA--INFORMACIÓN GENERAL |
| campo de control de longitud fija |
240415t2018 ii d|||fr|||| 001 0 eng d |
| 020 ## - NÚMERO INTERNACIONAL ESTÁNDAR DEL LIBRO |
| Número Internacional Estándar del Libro |
978-93-8742-66-9 |
| Información calificativa |
(pasta dura) |
| 040 ## - FUENTE DE LA CATALOGACIÓN |
| Centro catalogador/agencia de origen |
Z |
| Centro/agencia transcriptor |
CHAP |
| Normas de descripción |
rda |
| 041 0# - CÓDIGO DE LENGUA |
| Código de lengua del sumario o resumen |
Inglés |
| Código de lengua de la tabla de contenido |
Inglés |
| 082 00 - NÚMERO DE LA CLASIFICACIÓN DECIMAL DEWEY |
| Número de clasificación |
591.51 |
| Número de documento/Ítem |
E94 2018 |
| Número de edición |
20 |
| 100 1# - ENTRADA PRINCIPAL--NOMBRE DE PERSONA |
| 9 (RLIN) |
188944 |
| Nombre de persona |
Eyeson, S. R. |
| Término indicativo de función/relación |
autor |
| 245 10 - MENCIÓN DE TÍTULO |
| Título |
Essential of animal behaviour / |
| Mención de responsabilidad, etc. |
S. R. Eyeson |
| 264 #1 - PRODUCCIÓN, PUBLICACIÓN, DISTRIBUCIÓN, FABRICACIÓN Y COPYRIGHT |
| Producción, publicación, distribución, fabricación y copyright |
New Delhi, India : |
| Nombre del de productor, editor, distribuidor, fabricante |
Agri Horti Press, |
| Fecha de producción, publicación, distribución, fabricación o copyright |
© 2018 |
| 300 ## - DESCRIPCIÓN FÍSICA |
| Extensión |
v, 296 páginas: |
| Otras características físicas |
gráficas |
| 336 ## - TIPO DE CONTENIDO |
| Fuente |
rdacontent |
| Término de tipo de contenido |
texto |
| Código de tipo de contenido |
txt |
| 337 ## - TIPO DE MEDIO |
| Fuente |
rdamedia |
| Nombre/término del tipo de medio |
sin medio |
| Código del tipo de medio |
n |
| 338 ## - TIPO DE SOPORTE |
| Fuente |
rdacarrier |
| Nombre/término del tipo de soporte |
volumen |
| Código del tipo de soporte |
nc |
| 500 ## - NOTA GENERAL |
| Nota general |
ej.1: consumo |
| 504 ## - NOTA DE BIBLIOGRAFÍA, ETC. |
| Nota de bibliografía, etc. |
Bibliografía: 292 - 293 |
| 505 0# - NOTA DE CONTENIDO CON FORMATO |
| Nota de contenido con formato |
1. Ecology of animal behaviour.-- 2. Development of physical structure.-- 3. Absorption and assimilation in animals.-- 4. Communciation system of animals.-- 5. Behavioural studies in zoo conservation.-- 6. Behavioural issues involved in birds.-- 7. Behaviour of vertebrates.-- 8. Methods for evaluating habitat selection. 9. Evolution of mammalian sociality.-- 10. Declining amphibian population.-- 11. Environments with and without large carnivores.-- 12. Behavioural ecology of hunters. |
| 520 ## - SUMARIO, ETC. |
| Sumario, etc. |
Animal behaviour is the scientific study of everything animals do, whether the animals are single-celled organisms, invertebrates, fish, amphibians, reptiles, birds, or mammals. It involves investigating the relationship of animals to their physical environment as well as to other organisms, and includes such topics as how animals find and defend resources, avoid predators, choose mates and reproduce, and care for their young. This book provides a broad overview of the current state of animal behaviour for undergraduate and postgraduate courses in zoology, veterinary science and other allied fields. It provides all the basic concepts and latest information on animal behaviour. |
| 534 ## - NOTA SOBRE LA VERSIÓN ORIGINAL |
| Frase introductoria |
Título original: |
| 650 13 - PUNTO DE ACCESO ADICIONAL DE MATERIA--TÉRMINO DE MATERIA |
| 9 (RLIN) |
134384 |
| Término de materia o nombre geográfico como elemento de entrada |
Conducta animal |
| Subdivisión general |
Habitos y comportamientos |
| 650 13 - PUNTO DE ACCESO ADICIONAL DE MATERIA--TÉRMINO DE MATERIA |
| 9 (RLIN) |
26208 |
| Término de materia o nombre geográfico como elemento de entrada |
Comunicación animal |
| 650 17 - PUNTO DE ACCESO ADICIONAL DE MATERIA--TÉRMINO DE MATERIA |
| 9 (RLIN) |
35170 |
| Término de materia o nombre geográfico como elemento de entrada |
Ecología animal |
| Subdivisión general |
Investigaciónes |
| 942 ## - ELEMENTOS DE PUNTO DE ACCESO ADICIONAL (KOHA) |
| Fuente del sistema de clasificación o colocación |
Dewey Decimal Classification |
| Tipo de ítem Koha |
Libro |